I know this much is true

Bibliographic Details
Main Author: Lamb, Wally
Format: Book
Published: London : HarperCollins Publisher , 2000
Subjects:

MARC

LEADER 00000cam a2200000 7i4500
001 0000009323
005 20070925.0
008 070925
020 |a 0006513239 
090 0 0 |a LAM   |b ENG 
100 1 |a Lamb, Wally 
245 1 0 |a I know this much is true   |c Wally Lamb 
260 |a London :   |b HarperCollins Publisher ,   |c 2000 
650 0 |a English fiction 
999 |a 0000992631   |b Book   |c Adult Collection   |e Perbadanan Perpustakaan Awam Johor 
999 |a 0000992632   |b Book   |c Adult Collection   |e Perbadanan Perpustakaan Awam Johor